000 00578cam a22002411 4500
001 sa 63003545
003 DLC
005 20260227111942.0
008 950705s1962 ii 000 0 urdo
010 _asa 63003545
025 _aPL480:I-U-238
035 _a(OCoLC)32765594
040 _aDLC
_cCU
_dCU
_dDLC
042 _apremarc
050 0 0 _aPK2200.C5
_bK5
100 1 _aChandar, Krishan.
245 1 0 _aKisān aur devtā.
260 _c[1962?]
300 _a140 p.
_c17 cm.
500 _aIn Urdu.
500 _aShort stories.
500 _aText partially vocalized.
999 _c55148
_d55148